| 000 | 03433nam0a2200409 i 4500 | ||
|---|---|---|---|
| 001 | RU\NLR\BIBL_A\010735729 | ||
| 005 | 20260408115507.0 | ||
| 010 |
_a9785903590285 _9100 |
||
| 021 |
_aRU _b15-17441 |
||
| 035 | _a(NILC)RuMoRGB-007887462 | ||
| 035 | _a(NLR Aleph) 010735729 | ||
| 090 |
_a9881722 _c9881722 |
||
| 100 | _a20150421d2014 k y0rusy50 ca | ||
| 101 | 0 | _arus | |
| 102 | _aRU | ||
| 105 | _aa|||z|||100yy | ||
| 200 | 1 |
_aОтборочное аккредитованное мероприятие по программе УМНИК в рамках Вторых ежегодных межуниверситетских осенних чтений "Инновации для Самарской области" УМНИК-2014, 25-26 ноября _eматериалы конкурса программы УМНИК _e(информационно-методическое пособие для молодых ученых по развитию научного сотрудничества) _f[под общ. ред. к.т.н., доц. Филатова В.А.] |
|
| 210 |
_aСамара _cБМВ и К _d2014 |
||
| 215 |
_a121 с. _cил., табл. _d29 |
||
| 300 | _aНа обл.: Вторые ежегодные межуниверситетские осенние чтения "Инновации для Самарской области": материалы докладов конкурса программы УМНИК, 25-26 ноября 2014 года | ||
| 300 | _aНа обл. в надзаг.: Департамент по делам молодежи Самарской обл., Гос. бюджетное учреждение Самарской обл. "Агентство по реализации молодежной политики" | ||
| 512 | 1 |
_aВторые ежегодные межуниверситетские осенние чтения "Инновации для Самарской области" _eматериалы докладов конкурса программы УМНИК, 25-26 ноября 2014 года |
|
| 606 | 1 |
_aИнновационная деятельность _jТезисы докладов _yСамарская область _92566275 _3RU\NLR\AUTH\661517776 |
|
| 606 | 1 |
_aСтуденты _jТезисы докладов _xПроектная деятельность _yСамарская область _92239246 _3RU\NLR\AUTH\6601575291 |
|
| 686 | 1 | _aУ9(2)-55(2Р-4С)я431 | |
| 686 | 1 | _aЧ481.266я431 | |
| 702 | 1 |
_4340 _aФилатов _bВ. А. _cканд. техн. наук, аэрокосм. и информ. технологии _gВалентин Александрович _9144328 _3RU\NLR\AUTH\770144364 |
|
| 711 | 1 | 2 |
_a"Инновации для Самарской области", межуниверситетские осенние чтения _d2 _f2014 _9462904 _3RU\NLR\AUTH\880398084 |
| 711 | 1 | 2 |
_aОтборочное аккредитованное мероприятие по программе УМНИК _eСамара _f2014 _9462926 _3RU\NLR\AUTH\880398094 |
| 711 | 1 | 2 |
_a"У.М.Н.И.К.", конкурс _eАстрахань _f2014 _9426810 _3RU\NLR\AUTH\880380221 |
| 801 | 0 |
_aRU _bРГБ _c20150316 _gRCR |
|
| 801 | 1 |
_aRU _bРГБ _c20150316 _2rusmarc |
|
| 942 | _cBOOK | ||
| 980 | _aNBR | ||